000 00282nam a22001217a 4500
008 181121b xxu||||| |||| 00| 0 eng d
041 _aeng
080 _a610
100 _a4
101 _aSHM
245 _aAn introductional aid on juvenile mellitus
_cTravis, L.B
942 _2udc
_cBK
999 _c52296
_d52296